| 000 | 00424nam a2200157 i 4500 | ||
|---|---|---|---|
| 001 | 56415 | ||
| 003 | ES-MaACL | ||
| 007 | t| | ||
| 008 | 031009s1985 sp ||||1| spa d | ||
| 020 | _a84-345-1401-X | ||
| 245 | 0 | 0 | _aDiccionario terminológico de ciencias médicas. |
| 250 | _a12ª ed., reimp. | ||
| 260 |
_aBarcelona : _bSalvat, _c[1985] |
||
| 300 |
_a1209 p. : _bil. ; _c26 cm. |
||
| 852 |
_aES-MaACL _jL-9205 _bR.111246 |
||
| 999 |
_c56415 _d56415 |
||